Đang tải...

WILD LIFE MONOGRAPHS

Chi tiết về thư mục
Định dạng: Tạp chí
Ngôn ngữ:Undetermined
Được phát hành: GAINESVILLE WILD LIFE SOCIETY 1994, 1995
LEADER 00535nas a2200133Ia 4500
008 140128s9999 xx 000 0 und d
022 |a 0084-0173 
245 |a WILD LIFE MONOGRAPHS 
260 |a GAINESVILLE  |b WILD LIFE SOCIETY  |c 1994, 1995 
310 |a QUARTERLY 
942 |2 ddc  |c BV 
999 |c 15787  |d 15787 
952 |0 0  |1 0  |2 ddc  |4 0  |7 0  |9 19418  |a KAUCLV  |b KAUCLV  |d 2014-03-18  |h 58-59 (125-130)1994- 1995  |p 401083  |r 2014-03-18  |w 2014-03-18  |y BV 
952 |0 0  |1 0  |2 ddc  |4 0  |7 0  |9 19419  |a KAUCLV  |b KAUCLV  |d 2014-03-18  |h 61(134-143)1997-1999  |p 406782  |r 2014-03-18  |w 2014-03-18  |y BV